书目信息 |
| 题名: |
卡耐基成功全集
|
|
| 作者: | 罗锐韧 主编 | |
| 分册: | 第四卷 形象设计艺术 | |
| 出版信息: | 北京 企业管理出版社 1998 |
|
| 页数: | 493页 | |
| 开本: | 26cm | |
| 丛书名: | ||
| 单 册: | ||
| 中图分类: | C912.1 , B848.4 | |
| 科图分类: | ||
| 主题词: | 成功心理 , 心理交往 , 个性心理学 , 人格心理学 | |
| 电子资源: | ||
| ISBN: | 7-80147-055-9 | |
| 000 | 00823nam0 2200289 450 | |
| 001 | 1235189406 | |
| 005 | 20120929162755.26 | |
| 010 | @a7-80147-055-9@dCNY29.80(合计:CNY149) | |
| 100 | @a20021005d1998 em y0chiy0110 ea | |
| 101 | 0 | @achi |
| 102 | @aCN@b110000 | |
| 105 | @ay z 000yy | |
| 106 | @ar | |
| 200 | 1 | @a卡耐基成功全集@Aka nai ji cheng gong quan ji@h第四卷@i形象设计艺术@f罗锐韧主编 |
| 210 | @a北京@c企业管理出版社@d1998 | |
| 215 | @a493页@d26cm | |
| 510 | 1 | @aAndrew Carnegie@zeng |
| 517 | 1 | @a形象设计艺术@Axing xiang she ji yi shu |
| 606 | 0 | @a成功心理 |
| 606 | 0 | @a心理交往 |
| 606 | 0 | @a个性心理学 |
| 606 | 0 | @a人格心理学 |
| 690 | @aC912.1@v3 | |
| 690 | @aB848.4@v4 | |
| 701 | 0 | @a罗锐韧@Aluo rui ren@4主编 |
| 801 | 0 | @aCN@bNLC@c19990512 |
| 905 | @a10447@dB848.4@eJY89:4 | |
| 卡耐基成功全集.第四卷.形象设计艺术/罗锐韧主编 .-北京:企业管理出版社,1998 |
| 493页;26cm |
| ISBN 7-80147-055-9:CNY29.80(合计:CNY149) |
| ● |
| 相关链接 |
|
|
|
|
正题名:卡耐基成功全集
索取号:B848.4/JY89:4
 
预约/预借
| 序号 | 登录号 | 条形码 | 馆藏地/架位号 | 状态 | 备注 |
| 1 | 7830291 | 278302917 | 学院路分馆/ [索取号:B848.4/JY89:4] | 在馆 | |
| 2 | 7830292 | 278302926 | 学院路分馆/ [索取号:B848.4/JY89:4] | 在馆 | |
| 3 | 7830293 | 278302935 | 学院路分馆/ [索取号:B848.4/JY89:4] | 在馆 |